Loading...
| Social Science | 0 | 5 | 1 | 1 | 45 | 59 | 77.20 | 0 | 3 | 12.13 | 23.94 |
| Philosophy | 0 | 4 | 0 | 0 | 40 | 82 | 100.00 | 0 | 2 | 6.64 | 16.67 |
| Mythology | 0 | 3 | 0 | 1 | 30 | 91 | 115.67 | 0 | 0 | 3.03 | 9.70 |
| Religion | 0 | 3 | 1 | 0 | 25 | 84 | 93.33 | 1 | 2 | 4.45 | 19.09 |
| Fine Arts - Other | 0 | 2 | 0 | 0 | 20 | 50 | 78.00 | 1 | 1 | 6.76 | 10.91 |
| Other Academic | 0 | 2 | 0 | 0 | 20 | 46 | 71.00 | 0 | 1 | 29.86 | 38.89 |
| Literature - American | 0 | 2 | 0 | 0 | 20 | 89 | 94.00 | 0 | 1 | 6.02 | 10.61 |
| Literature - British | 0 | 2 | 0 | 0 | 20 | 133 | 135.00 | 0 | 0 | 1.64 | 6.06 |
| Science - Physics | 0 | 2 | 0 | 2 | 20 | 123 | 124.50 | 0 | 0 | 0.00 | 3.33 |
| History - World | 0 | 2 | 1 | 2 | 15 | 125 | 131.50 | 0 | 0 | 0.00 | 3.33 |
| Science - Biology | 0 | 2 | 1 | 0 | 15 | 61 | 82.00 | 1 | 2 | 4.83 | 14.55 |
| Science - Other | 0 | 2 | 1 | 0 | 15 | 73 | 83.50 | 0 | 1 | 6.08 | 8.18 |
| History - Other | 0 | 2 | 2 | 1 | 10 | 86 | 104.00 | 0 | 1 | 2.79 | 6.97 |
| Literature - European | 0 | 1 | 0 | 0 | 10 | 116 | 116.00 | 0 | 0 | 1.50 | 3.03 |
| History - American | 0 | 1 | 0 | 0 | 10 | 64 | 64.00 | 1 | 1 | 4.36 | 9.09 |
| Science - Chemistry | 0 | 1 | 0 | 0 | 10 | 116 | 116.00 | 0 | 1 | 0.45 | 4.55 |
| Popular Culture | 0 | 1 | 1 | 0 | 5 | 61 | 61.00 | 0 | 1 | 14.34 | 20.83 |
| Fine Arts - Painting and Sculpture | 0 | 0 | 0 | 0 | 0 | 0.00 | 0 | 0 | 0.00 | 0.00 | |
| Literature - World | 0 | 0 | 1 | 0 | -5 | 0.00 | 0 | 0 | 0.00 | 0.00 |